000 00886nam a2200241 a 4500
005 20250703123904.0
008 040701s2003 mx r 000 0 spa d
020 _a9707040432
035 _aUPN01000134021
040 _aMX-MxUPN
_bspa
_cMX-MxUPN
049 _aCG
050 4 _aLE7.3731 G2d
_bA3.2
100 1 _aAguilar Avalos, Armando
245 1 3 _aEl cambio de la política de admisión de estudiantes en la Universidad de Guadalajara y su implantación, 1995-1999 /
_cArmando Aguilar Avalos.
260 _aMéxico :
_bANUIES,
_c2003.
300 _a143 p.
440 0 _aBiblioteca de la educación superior.
_pInvestigaciones
586 _a"Premio ANUIES 2002. Mejor tesis de Maestría"
610 2 4 _aUNIVERSIDAD DE GUADALAJARA -
_xREQUISITOS DE ADMISION
_91625
650 4 _aUniversidades y colegios
_xRequisitos de admisión
_91626
905 _aLibro
942 _2lcc
_cLIBRO
999 _c106172
_d106172